|
|
|
|
| LEADER |
00000nam a22000007a 4500 |
| 005 |
2021051800420.0 |
| 007 |
cr|||| ||| |
| 008 |
210518s2020 es |||||s|||| 00||0 spa d |
| 020 |
|
|
|a 978-84-1377-283-7
|
| 035 |
|
|
|a 33510
|
| 040 |
|
|
|a vLex
|
| 090 |
|
|
|c 11720
|d 11720
|
| 100 |
1 |
|
|a Fuertes-Planas Aleix, Cristina
|
| 245 |
1 |
0 |
|a Fundamentos de conocimiento jurd̕ico
|h [Recurso electrn̤ico] :
|b Concepciones sistemt̀icas y visiones literarias del derecho. Principios del derecho VI /
|c Cristina Fuertes-Planas Aleix
|
| 256 |
|
|
|a Servicio en ln̕ea
|
| 260 |
|
|
|a Madrid:
|b Dykinson,
|c 2020
|
| 300 |
|
|
|a 1 recurso electrn̤ico
|
| 500 |
|
|
|a Este volumen, producto de los trabajos de investigacin̤ y ponencias desarrolladas a lo largo del curso acadm̌ico 2018-2019, por los intervinientes en los Seminarios de Investigacin̤ de la Seccin̤ de Filosofa̕ del Derecho realizados en la Real Academia de Jurisprudencia y Legislacin̤ de Espaą (RAJyL), dirigidos, desde hace ms̀ de veinte aǫs, por el insigne Acadm̌ico de Nm︢ero, Excmo. Sr. D. ℓngel Sǹchez de la Torre, ve la luz tras no pocos esfuerzos. Este libro pone fin a una etapa de ms̀ de veinte aǫs de investigaciones y publicaciones de la Real Academia de Jurisprudencia y Legislacin̤ de Espaą.
|
| 506 |
1 |
|
|a Disponible solo en los productos indicados
|d vLex Global
|d vLex Global (Academic Edition, excluding Law Schools)
|d vLex Global (U.S. Academic Edition, Law Schools)
|d vLex Global (U.S. Academic Edition, excluding Law Schools)
|d vLex Global (Academic Edition, Law Schools)
|
| 650 |
0 |
4 |
|a Derecho Militar
|z Espaą
|
| 740 |
0 |
|
|a vLex Libros (Servicio en ln̕ea)
|
| 856 |
4 |
0 |
|u https://vlex.com/source/fundamentos-de-conocimiento-juridico-concepciones-sistematicas-y-visiones-literarias-del-derecho-principios-del-derecho-vi-33510
|z Acceso restringido
|
| 942 |
|
|
|c BOOK
|
| 999 |
0 |
|
|a Military Law
|